书目信息 |
| 题名: |
数字图像处理Visual Studio C + + 技术实现
|
|
| 作者: | 杨淑莹 编著 | |
| 分册: | ||
| 出版信息: | 北京 科学出版社 2018.06 |
|
| 页数: | 381页 | |
| 开本: | 20cm | |
| 丛书名: | ||
| 单 册: | ||
| 中图分类: | TP391.413 | |
| 科图分类: | ||
| 主题词: | 计算机应用 | |
| 电子资源: | ||
| ISBN: | 7-03-054032-8 | |
| 000 | 00619nam0 2200193 450 | |
| 001 | 1837611739 | |
| 005 | 20181123103037.08 | |
| 010 | @a7-03-054032-8@dCNY64.00 | |
| 100 | @a20181123d2018 km y0chiy0120 ea | |
| 101 | 0 | @achi |
| 102 | @aCN@b110000 | |
| 200 | 1 | @a数字图像处理Visual Studio C + + 技术实现@Ashu zi tu xiang chu li Visual Studio C++ji shu shi xian@f杨淑莹等编著@Fyang shu ying deng bian zhu |
| 210 | @a北京@c科学出版社@d2018.06 | |
| 215 | @a381页@d20cm | |
| 606 | 0 | @a计算机应用 |
| 690 | @aTP391.413@v4 | |
| 701 | 0 | @a杨淑莹@Ayang shu ying@4编著 |
| 801 | 0 | @aCN@bMUSE@c20181123 |
| 905 | @aMUSE@dTP391.413@eY278 | |
| 数字图像处理Visual Studio C + + 技术实现/杨淑莹等编著.-北京:科学出版社,2018.06 |
| 381页;20cm |
| ISBN 7-03-054032-8:CNY64.00 |
| ● |
| 相关链接 |
|
|
|
正题名:数字图像处理Visual Studio C + + 技术实现
索取号:TP391.413/Y278
 
预约/预借
| 序号 | 登录号 | 条形码 | 馆藏地/架位号 | 状态 | 备注 |
| 1 | 1234594 | 212345942 | 测绘与城市空间信息学院资料室/ [索取号:TP391.413/Y278] | 在馆 |